Amazon 100 Books to Read In a Lifetime Quiz Stats

Quiz Updated Oct 14, 2014

Also try: BBC Top 100 Books
Challenge
Share
Tweet
Embed
Score 0/100 Timer 20:00
1 Play Today
Hint Answer % Correct
George Orwell1984
91.8%
J.K. RowlingHarry Potter and the Sorcerer's Stone
82.4%
J.R.R. TolkienThe Lord of the Rings: The Fellowship of the Ring
79.9%
Lewis CarrollAlice in Wonderland
77.5%
F. Scott FitzgeraldThe Great Gatsby
72.5%
J.D. SalingerThe Catcher in the Rye
70.2%
Jane AustenPride and Prejudice
67.7%
Joseph HellerCatch-22
61%
A.A. MilneThe House at Pooh Corner
60.8%
Roald Dahl Charlie and the Chocolate Factory
60%
E.B. WhiteCharlotte's Web
59.2%
Jack KerouacOn the Road
56.9%
Charles DickensGreat Expectations
54.5%
Laura Ingalls WilderLittle House on the Prairie
54.5%
Vladimir NabokovLolita
51.7%
Kurt VonnegutSlaughterhouse-Five
51.4%
Lemony SnicketThe Bad Beginning (A Series of Unfortunate Events)
48.1%
Ray BradburyFahrenheit 451
48.1%
Suzanne CollinsThe Hunger Games
47.3%
Truman CapoteIn Cold Blood
46.2%
Stephen HawkingA Brief History of Time
45.3%
Maurice SendakWhere the Wild Things Are
45.1%
Stephen KingThe Shining
42.9%
Frank McCourtAngela's Ashes
40.1%
Shel SilversteinWhere the Sidewalk Ends
39%
Toni MorrisonBeloved
38.7%
Cormac McCarthyThe Road
37.9%
Madeleine L'EngleA Wrinkle in Time
37.5%
Harper LeeTo Kill A Mockingbird
36.3%
Bob Woodward and Carl BernsteinAll the President's Men
35.6%
Antoine De Saint-ExupéryThe Little Prince
35.5%
Hunter S. ThompsonFear and Loathing in Las Vegas
35.2%
Anne FrankThe Diary of a Young Girl
34.9%
Jacqueline SusannValley of the Dolls
33.9%
Hint Answer % Correct
Ralph EllisonInvisible Man
33.3%
Judy BlumeAre You There, God? It's Me, Margaret
32.8%
Frank HerbertDune
32.4%
Ernest HemingwayThe Sun Also Rises
31.5%
Albert CamusThe Stranger
30.8%
Gabriel Garcia MarquezLove in the Time of Cholera
30.1%
Philip PullmanThe Golden Compass
29.9%
Margaret AtwoodThe Handmaid's Tale
28.8%
Lois LowryThe Giver
25.7%
Salman RushdieMidnight's Children
24.1%
Chinua AchebeThings Fall Apart
24.1%
Gillian FlynnGone Girl
22.7%
Kenneth GrahameThe Wind in the Willows
22.2%
Robert A. CaroThe Power Broker
22.1%
Rachel CarsonSilent Spring
22%
Donna TarttThe Secret History
20.7%
Barbara KingsolverThe Poisonwood Bible
20.3%
John Green The Fault in Our Stars
19.4%
Isak DinesenOut of Africa
17.9%
Malcolm X and Alex HaleyThe Autobiography of Malcolm X
17.9%
David SedarisMe Talk Pretty One Day
17.4%
Philip RothPortnoy's Complaint
17.2%
Edith WhartonThe Age of Innocence
17.1%
Eric CarleThe Very Hungry Caterpillar
16.7%
Jeffrey EugenidesMiddlesex
16.2%
Tim O'BrienThe Things They Carried
16.1%
Markus ZusakThe Book Thief
15.4%
Norton JusterThe Phantom Tollbooth
15.3%
Jonathan FranzenThe Corrections
14.3%
Joan DidionThe Year of Magical Thinking
13.4%
Margaret Wise BrownGood Night Moon
12.8%
Dave EggersA Heartbreaking Work of Staggering Genius
11.8%
John IrvingThe World According to Garp
11.7%
Anthony BourdainKitchen Confidential
11.7%
Hint Answer % Correct
Laura HillenbrandUnbroken
11.7%
Jared DiamondGuns, Germs, and Steel
11.4%
Rick RiordanThe Lightning Thief
10.7%
W. Somerset MaughamOf Human Bondage
10.5%
Michael LewisMoneyball
10.3%
Oliver SacksThe Man Who Mistook His Wife for A Hat
10.2%
Doris Kearns GoodwinTeam of Rivals
8.7%
Tom WolfeThe Right Stuff
8.4%
Junot DiazThe Brief Wondrous Life of Oscar Wao
8.3%
Jeff KinneyDiary of a Wimpy Kid
8.2%
Michael PollanThe Omnivore's Dilemma
8%
Marjane SatrapiPersepolis
7.8%
Ann PatchettBel Canto
7.7%
Erik LarsonThe Devil in the White City
7.6%
Haruki MurakamiThe Wind-Up Bird Chronicle
7.3%
Michael ChabonThe Amazing Adventures of Kavalier and Clay
6.9%
Jhumpa LahiriInterpreter of Maladies
6%
Kate AtkinsonLife After Life
5.5%
Viktor FranklMan's Search for Meaning
5.4%
Raymond ChandlerThe Long Goodbye
5.4%
Abraham VergheseCutting for Stone
5%
Rebecca SklootThe Immortal Life of Henrietta Lacks
4.2%
Ishmael BeahA Long Way Gone
3.8%
Mary KarrThe Liar's Club: A Memoir
3.4%
James McBrideThe Color of Water
3.4%
Louise ErdrichLove Medicine
3.1%
Lawrence WrightThe Looming Tower: Al-Qaeda and the Road to 9
2.5%
Christopher McDougallBorn to Run
2.4%
Edwidge DanticatBreath, Eyes, Memory
2.2%
Alice MunroAlice Munro: Selected Stories
2.2%
Brene BrownDaring Greatly
1.9%
Chris WareJimmy Corrigan: Smartest Kid on Earth
1.5%

You're not logged in!

Compare scores with friends on all Sporcle quizzes.
Sign Up with Email
OR
Log In

You Might Also Like...

Show Comments

Extras

Top Quizzes Today


Score Distribution

Your Account Isn't Verified!

In order to create a playlist on Sporcle, you need to verify the email address you used during registration. Go to your Sporcle Settings to finish the process.